000 00262nam a22001217a 4500
082 _a574
_bBHA/B
100 _aK.N.BHATIA, K.BHATIA
245 _aOBJECTIVE BIOLOGY
260 _aDELHI
_bDINESH & CO
300 _a1384
650 _aTOPPERS CHOICE
_zINDIA
942 _cBK
999 _c494
_d494